Computer Vision : Principles, Algorithms, Applications, Learning /

Enregistré dans:
Détails bibliographiques
Auteur principal: Davies, E.R (Auteur)
Format: Livre
Langue:anglais
Publié: London : Elsevier, 2018
Édition:Fifth Edition
Tags: Ajouter un tag
Pas de tags, Soyez le premier à ajouter un tag!

MARC

LEADER 00000nam a22000003a 4500
001 0069751
003 SK-STU
005 20181212121852.4
007 ta
008 181212s ----xo-----e------000-0-----d
020 |a 987-0-12-809284-2 
040 |a STU  |b slo 
041 0 |a eng 
044 |a xxk 
080 |a 681.36 
100 1 |a Davies, E.R  |4 aut 
245 1 0 |a Computer Vision :  |b Principles, Algorithms, Applications, Learning /  |c aut. E.R Davies 
250 |a Fifth Edition 
260 |a London :  |b Elsevier,  |c 2018 
300 |a 858 s. 
996 |b 284EK89988  |c E* 89988  |l EE35  |s P  |a 0  |w 0069751_0001